|
|
|
|
| LEADER |
01312nam a2200373 a 4500 |
| 001 |
000680015 |
| 003 |
CZ BrMZK |
| 005 |
20090216104411.0 |
| 007 |
ta |
| 008 |
030731s2003 xr g 000 f cze d |
| 015 |
|
|
|a cnb001279514
|
| 020 |
|
|
|a 80-7218-838-0
|q (váz.)
|
| 035 |
|
|
|a (OCoLC)53859789
|
| 040 |
|
|
|a BOA001
|b cze
|
| 041 |
1 |
|
|a cze
|h eng
|
| 072 |
|
7 |
|a 821.111(73)-3
|x Americká próza
|2 Konspekt
|9 25
|
| 080 |
|
|
|a 821.111(73)-31
|2 MRF
|
| 080 |
|
|
|a (0:82-312.4)
|2 MRF
|
| 100 |
1 |
|
|a Diehl, William,
|d 1924-2006
|7 jn20001005256
|4 aut
|
| 245 |
1 |
0 |
|a Žena bez minulosti /
|c William Diehl ; [z angličtiny přeložila Eva Konečná]
|
| 250 |
|
|
|a Vyd. 1.
|
| 260 |
|
|
|a Frýdek-Místek :
|b Alpress,
|c 2003
|
| 300 |
|
|
|a 503 s. ;
|c 21 cm
|
| 490 |
1 |
|
|a Klokan (Alpress)
|
| 500 |
|
|
|a Překlad z angličtiny
|
| 655 |
|
7 |
|a americké romány
|7 fd131796
|2 czenas
|
| 655 |
|
7 |
|a detektivní romány
|7 fd132010
|2 czenas
|
| 700 |
1 |
|
|a Konečná, Eva
|7 jn20001103301
|4 trl
|
| 765 |
0 |
|
|t Eureka
|9 Česky
|
| 830 |
|
0 |
|a Klokan (Alpress);
|0 s
|
| 856 |
4 |
1 |
|u http://www.digitalniknihovna.cz/mzk/uuid/uuid:9971a2f0-6b29-11e4-b202-005056827e52
|y Digitalizovaný dokument
|x NDK
|
| 910 |
|
|
|a BOA001
|b 2-1122.472
|
| 990 |
|
|
|a BK
|
| 996 |
6 |
|
|b 2610196497
|c 2-1122.472
|l MZK
|r Sklad / do 1 hodiny
|n 3
|p p.v.
|w 000680015
|u 000010
|a 1
|e BOA001
|j MZK50
|s P
|